[Event "Gothenburg Kvibergspelen"]
[Site "Gothenburg"]
[Date "2023.09.15"]
[Round "1"]
[White "Andersson, Christian"]
[Black "Poley, Vladimir"]
[Result "0-1"]
[WhiteElo "1806"]
[BlackElo "2284"]
[PlyCount "66"]
[EventDate "2023.09.15"]
[EventType "swiss"]
[EventRounds "8"]
[EventCountry "SWE"]
[SourceTitle "EXT 2024"]
[Source "ChessBase"]
[SourceDate "2023.10.10"]
[SourceVersion "1"]
[SourceVersionDate "2023.10.10"]
[SourceQuality "1"]

1. c4 g6 2. g3 Bg7 3. Bg2 Nc6 4. Nc3 e5 5. d3 d6 6. Nf3 Bg4 7. 0-0 Qc8 8. Nd5 Nd8 9. h3 Bd7 10. Kh2 c6 11. Nc3 h5 12. h4 Nh6 13. Qb3 Ng4+ 14. Kg1 0-0 15. Qa3 Qc7 16. Bd2 Ne6 17. Rac1 f5 18. Ng5 Nxg5 19. Bxg5 Rf7 20. b4 f4 21. b5 Bf8 22. Qb3 Be6 23. Ne4 c5 24. Nc3 Bg7 25. Nd5 Qc8 26. Ne7+ Rxe7 27. Bxe7 Qd7 28. Bg5 Rf8 29. Be4 Bf5 30. e3 Bxe4 31. dxe4 f3 32. Rcd1 Nf6 33. Qd3 Qh3 0-1

[Event "Lidkoping op"]
[Site "Lidkoping"]
[Date "2019.08.24"]
[Round "4"]
[White "Bermann, Martin"]
[Black "Andersson, Christian"]
[Result "1-0"]
[WhiteElo "1889"]
[BlackElo "1794"]
[PlyCount "81"]
[EventDate "2019.08.24"]
[EventType "swiss"]
[EventRounds "7"]
[EventCountry "SWE"]
[SourceTitle "EXT 2020"]
[Source "ChessBase"]
[SourceDate "2019.10.17"]
[SourceVersion "1"]
[SourceVersionDate "2019.10.17"]
[SourceQuality "1"]

1. e4 d6 2. d4 Nf6 3. Nc3 g6 4. h3 Bg7 5. Nf3 0-0 6. Be2 c6 7. a4 Nbd7 8. 0-0 Qc7 9. Be3 e5 10. dxe5 dxe5 11. Qd2 b6 12. Rfd1 Bb7 13. Qd6 Qxd6 14. Rxd6 Rfe8 15. Rad1 Nc5 16. Bxc5 bxc5 17. Bc4 h6 18. Rd7 Nxd7 19. Rxd7 Bc8 20. Bxf7+ Kf8 21. Bxe8 Bxd7 22. Bxd7 Rb8 23. b3 c4 24. Be6 cxb3 25. cxb3 Ke7 26. Bc4 Rd8 27. Kf1 Kd6 28. Nh4 Kc5 29. Nf3 Kb4 30. Ne2 Rd1+ 31. Ne1 Bf8 32. Ng1 Kc3 33. Ngf3 Bd6 34. g3 Ra1 35. Kg2 Ra2 36. Nd3 Rxa4 37. bxa4 Kxc4 38. Ndxe5+ Kb3 39. Nxc6 a6 40. a5 Ka4 41. e5 1-0

[Event "Gothenburg op"]
[Site "Gothenburg"]
[Date "2017.08.18"]
[Round "1"]
[White "Rydstrom, Tom"]
[Black "Andersson, Christian"]
[Result "1-0"]
[WhiteElo "2301"]
[BlackElo "1740"]
[PlyCount "49"]
[EventDate "2017.08.18"]
[EventType "swiss"]
[EventRounds "8"]
[EventCountry "SWE"]
[SourceTitle "CBM 180 Extra"]
[Source "ChessBase"]
[SourceDate "2017.10.06"]
[SourceVersion "1"]
[SourceVersionDate "2017.10.06"]
[SourceQuality "1"]

1. Nc3 c5 2. Nf3 g6 3. d4 cxd4 4. Nxd4 Nc6 5. e4 Bg7 6. Be3 a6 7. Bc4 e6 8. Bb3 Nge7 9. Qd2 Qc7 10. 0-0-0 Na5 11. h4 Nxb3+ 12. cxb3 b5 13. Kb1 d6 14. h5 Bb7 15. f3 d5 16. hxg6 Nxg6 17. exd5 exd5 18. Nf5 Bxc3 19. bxc3 0-0-0 20. Bd4 Rhe8 21. Rxh7 Rd7 22. Rhh1 Kb8 23. Rhe1 Rc8 24. Rc1 Nf8 25. Be5 1-0

[Event "SWE AM2001"]
[Site "Sweden"]
[Date "2001.??.??"]
[Round "7"]
[White "Andersson, Christian"]
[Black "Heikkinen, Mikael"]
[Result "1-0"]
[WhiteElo "1478"]
[BlackElo "1486"]
[PlyCount "104"]
[EventDate "2001.??.??"]
[EventType "tourn"]
[EventRounds "15"]
[EventCountry "SWE"]
[SourceTitle "EXT 2003"]
[Source "ChessBase"]
[SourceDate "2002.11.25"]
[SourceVersion "1"]
[SourceVersionDate "2002.11.25"]
[SourceQuality "1"]

1. d4 d5 2. Nf3 Bf5 3. Bf4 e6 4. e3 Nf6 5. c4 Bb4+ 6. Nc3 Bxc3+ 7. bxc3 0-0 8. Nh4 Bg4 9. Nf3 Ne4 10. Rc1 c6 11. Be2 Nd7 12. Qb3 Qa5 13. Nd2 Bxe2 14. Kxe2 Nb6 15. Nxe4 dxe4 16. c5 Qa6+ 17. c4 Nd7 18. Rb1 b6 19. cxb6 axb6 20. Rb2 c5 21. Rc1 Rfc8 22. Ke1 Qb7 23. Rd2 Ra5 24. Rcd1 Rca8 25. dxc5 Nf8 26. Qxb6 Qa6 27. Qxa6 R5xa6 28. Ra1 f6 29. Bc7 e5 30. Bb6 Ra4 31. Rd6 Rxc4 32. c6 Kf7 33. c7 Ne6 34. Rd8 Nxc7 35. Rd7+ Ke8 36. Rxc7 Rxc7 37. Bxc7 Kd7 38. Rc1 Rc8 39. Kd2 Rxc7 40. Rxc7+ Kxc7 41. Kc3 Kb6 42. Kb4 Ka6 43. a4 Kb6 44. a5+ Ka6 45. Ka4 h5 46. h3 f5 47. Kb4 g5 48. Kc4 Kxa5 49. Kd5 f4 50. Kxe5 f3 51. g3 Kb4 52. Kxe4 Kc3 1-0

[Event "SWE AM2001"]
[Site "Sweden"]
[Date "2001.??.??"]
[Round "6"]
[White "Johansson, Eva"]
[Black "Andersson, Christian"]
[Result "1-0"]
[WhiteElo "1840"]
[BlackElo "1483"]
[PlyCount "75"]
[EventDate "2001.??.??"]
[EventType "tourn"]
[EventRounds "15"]
[EventCountry "SWE"]
[SourceTitle "EXT 2003"]
[Source "ChessBase"]
[SourceDate "2002.11.25"]
[SourceVersion "1"]
[SourceVersionDate "2002.11.25"]
[SourceQuality "1"]

1. d4 d5 2. c4 e6 3. Nf3 Nf6 4. g3 c6 5. Bg2 Bb4+ 6. Bd2 Qa5 7. 0-0 Bxd2 8. Nbxd2 0-0 9. Qc2 Nbd7 10. a3 Qc7 11. b4 dxc4 12. Nxc4 Nb6 13. Nce5 Nfd7 14. Ng5 g6 15. Ng4 Qd8 16. h4 Nf6 17. Ne5 Qxd4 18. Ngf3 Qd6 19. Rad1 Qe7 20. Ng5 Nbd7 21. Nc4 Ne8 22. Qe4 Nb6 23. Ne5 f6 24. Nxh7 f5 25. Nxg6 Qxh7 26. Nxf8 Kxf8 27. Qe5 Nc4 28. Qc5+ Ned6 29. Rxd6 Nxd6 30. Qxd6+ Qe7 31. Qe5 Kf7 32. e4 fxe4 33. Bxe4 Qf6 34. Qh5+ Ke7 35. Rd1 e5 36. Qh7+ Qf7 37. Qxf7+ Kxf7 38. Rd8 1-0